中国相距最近的城市接龙挑战2 - 全国版 - Statistics

General Stats
  • This quiz has been taken 74 times
  • The average score is 97 of 344
Answer Stats
城市 提示 % Correct
苏州
100%
无锡
97%
常州
97%
镇江
94%
扬州
92%
泰州
89%
盐城
82%
淮安
82%
宿迁
82%
徐州
82%
淮北
66%
宿州
58%
蚌埠
58%
淮南
58%
合肥
58%
六安
56%
阜阳
48%
亳州
45%
商丘
44%
菏泽
42%
濮阳
40%
鹤壁
39%
安阳
39%
邯郸
39%
邢台
39%
石家庄
37%
阳泉
37%
晋中
37%
太原
37%
忻州
37%
朔州
37%
大同
37%
乌兰察布
35%
呼和浩特
35%
包头
35%
鄂尔多斯
35%
榆林
35%
吕梁
35%
临汾
35%
运城
35%
三门峡
35%
洛阳
35%
焦作
35%
晋城
35%
长治
35%
新乡
32%
开封
32%
郑州
32%
许昌
32%
漯河
32%
驻马店
32%
信阳
32%
随州
32%
孝感
32%
武汉
32%
黄冈
32%
鄂州
31%
黄石
31%
咸宁
31%
岳阳
31%
益阳
31%
长沙
31%
湘潭
31%
株洲
31%
萍乡
31%
宜春
31%
新余
31%
吉安
31%
赣州
31%
韶关
31%
郴州
31%
衡阳
31%
娄底
31%
邵阳
31%
永州
31%
桂林
31%
柳州
31%
来宾
31%
贵港
31%
玉林
31%
茂名
31%
湛江
31%
北海
31%
钦州
31%
防城港
31%
南宁
31%
崇左
31%
百色
31%
河池
31%
黔南州·都匀
31%
黔东南州·凯里
31%
贵阳
29%
六盘水
29%
毕节
29%
昭通
29%
凉山州·西昌
29%
攀枝花
29%
丽江
29%
迪庆州·香格里拉
29%
怒江州·泸水
29%
保山
29%
德宏州·芒市
29%
普洱
29%
西双版纳州·景洪
29%
红河州·蒙自
29%
文山州·文山
29%
黔西南州·兴义
29%
曲靖
29%
昆明
29%
雅安
29%
眉山
29%
乐山
29%
安顺
27%
临沧
27%
玉溪
27%
楚雄州·楚雄
27%
大理州·大理
27%
甘孜州·康定 北方邻省
27%
自贡
27%
成都
27%
德阳
27%
绵阳
27%
遂宁
27%
南充
27%
广安
27%
重庆
27%
泸州
27%
宜宾
27%
遵义 东南方向邻省
27%
铜仁
27%
怀化
27%
湘西州·吉首
27%
张家界
27%
常德
27%
荆州
27%
荆门
27%
宜昌
27%
襄阳
27%
南阳
27%
平顶山
27%
周口
27%
济宁 东北方向邻省
27%
枣庄
27%
临沂
27%
连云港
27%
日照
27%
青岛
27%
潍坊
27%
东营
27%
滨州
27%
淄博
27%
济南
27%
泰安
27%
聊城
27%
德州
27%
衡水
27%
沧州
27%
天津
27%
廊坊
27%
北京
27%
保定
27%
张家口
27%
承德
27%
唐山
27%
秦皇岛
27%
葫芦岛
27%
锦州
27%
朝阳
27%
阜新
27%
盘锦
27%
营口
27%
鞍山
27%
辽阳
27%
沈阳
27%
抚顺
27%
铁岭
27%
四平
27%
辽源
27%
长春
27%
吉林
27%
哈尔滨
27%
绥化
27%
大庆
27%
齐齐哈尔
27%
兴安盟·乌兰浩特
27%
内江
26%
资阳
26%
本溪
26%
松原
26%
呼伦贝尔
26%
大兴安岭地区·加格达奇
26%
黑河
26%
伊春
26%
鹤岗
26%
佳木斯
26%
双鸭山
26%
七台河
26%
鸡西
26%
牡丹江
26%
白城
24%
通辽
24%
赤峰
24%
锡林郭勒盟·锡林浩特
24%
延边州·延吉
24%
白山
24%
通化
24%
丹东
24%
大连
24%
烟台
24%
威海
24%
南通 南方邻省
24%
嘉兴
24%
湖州
24%
杭州
24%
绍兴
24%
宁波
24%
舟山
24%
台州
24%
温州
24%
丽水
24%
金华
24%
衢州
24%
黄山
24%
景德镇
24%
鹰潭
24%
抚州
24%
南昌
24%
九江
24%
安庆
24%
池州
24%
铜陵
24%
芜湖
24%
马鞍山
24%
滁州
24%
宣城
24%
上饶 西南方向邻省
24%
南平
24%
三明
24%
龙岩
24%
漳州
24%
厦门
24%
泉州
24%
莆田
24%
福州
24%
宁德
24%
南京
23%
桃园
23%
新北
23%
台北
23%
高雄
23%
汕头
23%
潮州
23%
揭阳
23%
梅州
23%
惠州
23%
深圳
23%
香港
23%
珠海
23%
澳门
23%
中山
23%
江门
23%
佛山
23%
广州
23%
东莞
23%
清远
23%
台中
21%
台南
21%
河源
21%
肇庆
21%
云浮
21%
梧州
21%
贺州
21%
阳江 东方邻省
21%
海口
19%
儋州
19%
三亚
19%
三沙
19%
汕尾 北方邻省
19%
恩施州·恩施 华中地区城市
18%
达州 西北方向非邻省城市
18%
巴中
18%
广元
18%
汉中
18%
宝鸡
18%
天水
18%
平凉
18%
固原
18%
庆阳
18%
铜川
18%
西安
18%
咸阳
18%
渭南
18%
商洛
18%
安康
18%
十堰
18%
延安 西北方向邻省
18%
吴忠
18%
银川
18%
石嘴山
18%
阿拉善盟·阿拉善左旗
18%
乌海
18%
巴彦淖尔
18%
中卫 西南方向城市
18%
白银
18%
兰州
18%
临夏州·临夏
18%
甘南州·合作
18%
黄南州·同仁
18%
海东
18%
西宁
18%
海北州·海晏
18%
海南州·共和
18%
果洛州·玛沁
18%
阿坝州·马尔康
18%
陇南
18%
定西
18%
武威
18%
金昌
18%
张掖
18%
酒泉
18%
嘉峪关
18%
海西州·德令哈
18%
玉树州·玉树
18%
昌都
18%
林芝
18%
山南
18%
拉萨
18%
日喀则
18%
那曲
18%
阿里地区·噶尔
18%
和田地区·和田
18%
喀什地区·喀什
18%
克孜勒苏州·阿图什
18%
阿克苏地区·阿克苏
18%
伊犁州·伊宁
18%
博尔塔拉州·博乐
18%
塔城地区·塔城
18%
克拉玛依
18%
昌吉州·昌吉
18%
乌鲁木齐
18%
吐鲁番
18%
巴音郭楞州·库尔勒
18%
哈密
18%
阿勒泰地区·阿勒泰
18%
No matching quizzes found
Score Distribution
Percent of People with Each Score
Percentile by Number Answered
Your Score History
You have not taken this quiz